Indian, planning commission, fourth five year plan. (Record no. 13916)
[ view plain ]
| 000 -LEADER | |
|---|---|
| fixed length control field | 00321nam a22001097a 4500 |
| 082 ## - DEWEY DECIMAL CLASSIFICATION NUMBER | |
| Classification number | 338.954IND. |
| 245 ## - TITLE STATEMENT | |
| Title | Indian, planning commission, fourth five year plan. |
| 260 ## - PUBLICATION, DISTRIBUTION, ETC. | |
| Place of publication, distribution, etc. | India. |
| Name of publisher, distributor, etc. | Government of India, Planning commission. |
| Date of publication, distribution, etc. | 1970. |
| 300 ## - PHYSICAL DESCRIPTION | |
| Extent | ix, 430p. |
| Other physical details | 23cm. |
| 500 ## - GENERAL NOTE | |
| General note | Includes appendix and index. |
| 942 ## - ADDED ENTRY ELEMENTS (KOHA) | |
| Koha item type | Books |
| Withdrawn status | Lost status | Source of classification or shelving scheme | Damaged status | Not for loan | Home library | Current library | Shelving location | Date acquired | Full call number | Barcode | Date last seen | Price effective from | Koha item type |
|---|---|---|---|---|---|---|---|---|---|---|---|---|---|
| Dewey Decimal Classification | IFM Main Campus Library | IFM Main Campus Library | 11/13/2015 | 338.954IND. | 0000008166 | 11/13/2015 | 11/13/2015 | Books |
